00390nam a2200157Ia 4500003000400000005001700004008004100021020001800062040000900080082001800089100001900107245004300126260003900169300000900208650001500217OSt20210127123150.0190216s9999||||xx |||||||||||||| ||und|| a9788183550819 coclc a302.22bGKP/V aG K Publishers 0aVerbal Communication /cG K Publishers bG K Publishers,c2008.aNew Delhi: a828p aReferences